| 000 | 00699nam a22002057a 4500 | ||
|---|---|---|---|
| 003 | BD-DhUL | ||
| 005 | 20170727105815.0 | ||
| 008 | 170727s2007 ua ||||| |||| 00| 0 ara d | ||
| 020 | _a9774197461 | ||
| 040 |
_aBD-DhUL _cBD-DhUL |
||
| 082 |
_a892.71 _bABS |
||
| 100 | 3 | _aجمیل محمود عبد الرحمن۔ | |
| 245 | 0 |
_aشجر الأشواک یطاردنا : _bشعر / _cجمیل محمود عبد الرحمن۔ |
|
| 246 | _aShajaru al-ashwāk yuṭaridunā : she'r | ||
| 260 |
_aالقاهرة : _bالھیئة المصریة العامة للکتاب، _c۲۰۰۷۔ |
||
| 300 |
_a ص. ۱۲۰ ؛ _c ۱۹ سم۔ |
||
| 365 |
_aBDT _b50.00 |
||
| 650 | 0 | _aArabic poetry. | |
| 942 |
_2ddc _cBK |
||
| 999 |
_c212668 _d212668 |
||